000 00437nam a2200169Ia 4500
008 230711s9999||||xx |||||||||||||| ||und||
020 _a978-93-513-4185-7
041 _aENG
082 _a539
_bBE-M
100 _aBeiser, Arthur
245 0 _aConcept of modern Physics
250 _a7th Ed.
260 _c2016
_aNew Delhi
_bMcGraw Hill Education(India) Private Limited
650 _aPhysics
700 _aMahajan,Shobhit
942 _cBK
999 _c4140
_d4140